01976nam a2200301 a 4500001001000000005001700010008004100027041000800068044000700076084002100083100004500104245009500149260003600244300003800280500035900318500043500677500007801112500006201190500001001252650005201262650005601314650003401370650004501404700006001449700005301509700006201562740005001624BRCA_269420190320203927.0021208s1887----sp-a---###---#000-0#spa-u aspa asp a206b.G669c18871 aCervantes Saavedra, Miguel ded1547-161610aEl Ingenioso Hidalgo Don Quijote de la Manchaccompuesto por Miguel de Cervantes Saavedra. aMadridbFelipe Gonzálezc1887 a2 v.bil. a colorc35 cm.e1 mapa aContenido : v 1. Primera parte. Dedicatoria del autor. Prólogo del autor. Versos preliminares. Texto. -- v 2. Segunda parte. Principios de la edición príncipe. Dedicatoria del autor. Prólogo del autor. Mapa de una porción de España donde anduvo D. Quijote. Texto. Epílogo con la biografía de Cervantes extracto de la escrita por Navarrete aEl texto sigue al de la cuarta edición publicada por la Academia (1819), y las notas al pie de las páginas, pertenecen a T. Tárrago, Pellicer, Arrieta y la Academia. Contiene un extracto de la Vida de Cervantes escrita por M. F. de Navarrete. Las láminas cromolitografiadas son de Alaminos y el mapa del intinerario de D. Quijote está grabado por L. vega. La impresión es buena, pero el papel muy malo Lúdovik Osterc aEstado físico : El lomo se encuentra desprendido en los dos volúmenes aIncluye índice : De láminas. De señores suscritores aQM20414aNovela españolayÉpoca clásica, 1500-170014aLiteratura españolayÉpoca clásica, 1500-170014aNovela españolaySiglo XVII14aDon Quijote (Personaje ficticio)eNovela1 aPellicer y Pilares, Juan Antoniod1738-1806eBiógrafo1 aGarcía Arrieta, Agustínd1775-1834eAnotador1 aFernández de Navarrete, Martínd1765-1844eBiógrafo0 aEl Ingenioso Hidalgo Don Quijote de la Mancha